000 00538nam a2200193Ia 4500
999 _c15014
_d15014
003 OSt
005 20201217124325.0
008 190216s9999||||xx |||||||||||||| ||und||
020 _a9780194316651
040 _coclc
082 _a423
_bHOR/O
100 _aHornby, A S
_97630
245 0 _aOxford Advanced Learner`s Dictionary /
_cA S Hornby
250 _a7th Ed.
260 _bOxford University Press,
_c2005.
_a New York:
300 _a1896p
650 _aEnglish
942 _cREF
_2ddc
_h423
_iHOR/O
_k423
_mHOR/O